<?xml version="1.0" encoding="UTF-8"?>
<record
    xmlns:xsi="http://www.w3.org/2001/XMLSchema-instance"
    xsi:schemaLocation="http://www.loc.gov/MARC21/slim http://www.loc.gov/standards/marcxml/schema/MARC21slim.xsd"
    xmlns="http://www.loc.gov/MARC21/slim">

  <leader>01452nam a2200205 i 4500</leader>
  <controlfield tag="001">147536</controlfield>
  <controlfield tag="003">ES-MaACL</controlfield>
  <controlfield tag="005">20230906202052.0</controlfield>
  <controlfield tag="007">t|</controlfield>
  <controlfield tag="008">071003m19311933sp a     e   ||||1| spa d</controlfield>
  <datafield tag="080" ind1=" " ind2=" ">
    <subfield code="a">66(03)</subfield>
  </datafield>
  <datafield tag="245" ind1="0" ind2="0">
    <subfield code="a">Enciclopedia de qu&#xED;mica industrial / </subfield>
    <subfield code="c">dirigida por Fritz Ullmann ; versi&#xF3;n del alem&#xE1;n bajo la direcci&#xF3;n de Jos&#xE9; Estalella.</subfield>
  </datafield>
  <datafield tag="260" ind1=" " ind2=" ">
    <subfield code="a">Barcelona : </subfield>
    <subfield code="b">Gustavo Gili, </subfield>
    <subfield code="c">[1931-1933]</subfield>
  </datafield>
  <datafield tag="300" ind1=" " ind2=" ">
    <subfield code="a">14 v. : </subfield>
    <subfield code="b">il. ; </subfield>
    <subfield code="c">28 cm.</subfield>
  </datafield>
  <datafield tag="505" ind1="8" ind2=" ">
    <subfield code="a">Contiene: 1. Secci&#xF3;n I. Qu&#xED;mica general -- 2. Secci&#xF3;n II. Industria qu&#xED;mica inorg&#xE1;nica y sus productos. A-Ci -- 3. Secci&#xF3;n II. Industria qu&#xED;mica inorg&#xE1;nica y sus productos. CL-Z -- 4. Secci&#xF3;n III. Industria qu&#xED;mica org&#xE1;nica y sus productos. A-Ce -- 5. Secci&#xF3;n III. Industria qu&#xED;mica org&#xE1;nica y sus productos. Ci-Z -- 6. Secci&#xF3;n IV. Metalurgia, miner&#xED;a... A-G -- 7. Secci&#xF3;n IV. Metalurgia, miner&#xED;a... H-Pi -- 8. Secci&#xF3;n IV. Metalurgia, miner&#xED;a... Pl.-Z -- 9. Secci&#xF3;n V. Combustibles, alumbrado... -- 10. Secci&#xF3;n VI. Productos agr&#xED;colas, alimenticios y medicinales. A-D -- 11. Secci&#xF3;n VI. Productos agr&#xED;colas... E-Z -- 12. Secci&#xF3;n VII. Tintorer&#xED;a, curtidos... A-E -- 13. Secci&#xF3;n VII. Tintorer&#xED;a... F.-Z -- 14. Ap&#xE9;ndice. &#xCD;ndice alfab&#xE9;tico general</subfield>
  </datafield>
  <datafield tag="650" ind1=" " ind2="4">
    <subfield code="a">Qu&#xED;mica industrial-</subfield>
    <subfield code="v">Enciclopedias.</subfield>
    <subfield code="9">166067</subfield>
  </datafield>
  <datafield tag="700" ind1="1" ind2=" ">
    <subfield code="a">Ullmann, Fritz.</subfield>
    <subfield code="9">111932</subfield>
  </datafield>
  <datafield tag="700" ind1="1" ind2=" ">
    <subfield code="a">Estalella Graells, Jos&#xE9; (</subfield>
    <subfield code="d">1879-1938)</subfield>
    <subfield code="9">48004</subfield>
  </datafield>
  <datafield tag="852" ind1="4" ind2=" ">
    <subfield code="a">ES-MaACL</subfield>
    <subfield code="j">A-2018-31</subfield>
  </datafield>
  <datafield tag="999" ind1=" " ind2=" ">
    <subfield code="c">147536</subfield>
    <subfield code="d">147536</subfield>
  </datafield>
  <datafield tag="952" ind1=" " ind2=" ">
    <subfield code="0">0</subfield>
    <subfield code="1">0</subfield>
    <subfield code="4">0</subfield>
    <subfield code="7">0</subfield>
    <subfield code="8">Colecci&#xF3;n_de_referencia </subfield>
    <subfield code="a">ATENEOM</subfield>
    <subfield code="b">ATENEOM</subfield>
    <subfield code="c">SPP1</subfield>
    <subfield code="d">2008-01-17</subfield>
    <subfield code="e">SC</subfield>
    <subfield code="l">0</subfield>
    <subfield code="o">A-2018-31</subfield>
    <subfield code="p">1153966</subfield>
    <subfield code="r">2023-02-23 00:00:00</subfield>
    <subfield code="w">2023-02-23</subfield>
    <subfield code="y">MONOGRAFIA</subfield>
  </datafield>
</record>
